[Event "Göteborg Open 2015"]
[Site "Biblioteksgatan 2, Mölnlycke, Sweden"]
[Date "2015.08.15"]
[Round "6.6"]
[White "Pettersson, Anders"]
[Black "Alvir, Aco"]
[Result "0-1"]
[BlackElo "2357"]
[WhiteElo "2033"]
[LiveChessVersion "1.4.6"]

1. d4 {[%clk 1:30:57]} Nf6 {[%clk 1:30:37]} 2. c4 {[%clk 1:31:23]} g6
{[%clk 1:30:50]} 3. Nc3 {[%clk 1:31:49]} Bg7 {[%clk 1:31:15]} 4. e4
{[%clk 1:32:15]} d6 {[%clk 1:31:38]} 5. Nge2 {[%clk 1:32:41]} O-O
{[%clk 1:31:31]} 6. Ng3 {[%clk 1:33:08]} c6 {[%clk 1:30:06]} 7. Be2
{[%clk 1:33:23]} a6 {[%clk 1:30:28]} 8. O-O {[%clk 1:32:05]} b5 {[%clk 1:27:03]}
9. a3 {[%clk 1:26:43]} bxc4 {[%clk 1:25:22]} 10. Bxc4 {[%clk 1:26:39]} d5
{[%clk 1:22:55]} 11. exd5 {[%clk 1:20:57]} cxd5 {[%clk 1:22:53]} 12. Ba2
{[%clk 1:21:21]} e6 {[%clk 1:18:23]} 13. Be3 {[%clk 1:17:36]} Ne8
{[%clk 1:08:55]} 14. Rc1 {[%clk 1:15:01]} Nd7 {[%clk 1:05:41]} 15. Nge2
{[%clk 1:10:48]} Nb6 {[%clk 1:04:51]} 16. Na4 {[%clk 1:09:57]} Nxa4
{[%clk 0:58:52]} 17. Qxa4 {[%clk 1:10:20]} Bd7 {[%clk 0:59:18]} 18. Qd1
{[%clk 1:06:23]} Nd6 {[%clk 0:53:09]} 19. a4 {[%clk 1:01:11]} Qb6
{[%clk 0:48:35]} 20. b3 {[%clk 0:58:58]} Nf5 {[%clk 0:48:02]} 21. Qd3
{[%clk 0:58:31]} Rfc8 {[%clk 0:47:05]} 22. Rfd1 {[%clk 0:53:33]} Bf8
{[%clk 0:45:22]} 23. Bf4 {[%clk 0:47:44]} Ba3 {[%clk 0:45:27]} 24. Rxc8+
{[%clk 0:46:50]} Rxc8 {[%clk 0:45:29]} 25. g4 {[%clk 0:42:49]} Ne7
{[%clk 0:45:51]} 26. h4 {[%clk 0:39:14]} Nc6 {[%clk 0:46:04]} 27. Qf3
{[%clk 0:34:09]} Bf8 {[%clk 0:45:16]} 28. h5 {[%clk 0:32:26]} Bg7
{[%clk 0:44:36]} 29. h6 {[%clk 0:28:55]} Bh8 {[%clk 0:43:09]} 30. Be3
{[%clk 0:24:24]} Qd8 {[%clk 0:37:53]} 31. Qg3 {[%clk 0:22:49]} Bf6
{[%clk 0:34:08]} 32. f4 {[%clk 0:18:53]} Be7 {[%clk 0:31:39]} 33. Qf3
{[%clk 0:18:08]} Qf8 {[%clk 0:21:10]} 34. Qh3 {[%clk 0:15:20]} Nb4
{[%clk 0:19:17]} 35. Bb1 {[%clk 0:15:32]} f5 {[%clk 0:19:13]} 36. g5
{[%clk 0:14:29]} Rc6 {[%clk 0:19:08]} 37. Bd2 {[%clk 0:13:12]} Bd6
{[%clk 0:18:47]} 38. Nc1 {[%clk 0:10:46]} Qb8 {[%clk 0:18:23]} 39. Qe3
{[%clk 0:10:23]} Nc2 {[%clk 0:16:30]} 40. Bxc2 {[%clk 0:09:44]} Rxc2
{[%clk 0:16:57]} 41. Qd3 {[%clk 0:10:02]} Rxd2 {[%clk 0:14:19]} 42. Qxd2
{[%clk 0:05:58]} Bxf4 {[%clk 0:14:25]} 43. Qg2 {[%clk 0:06:24]} Qb4
{[%clk 0:13:31]} 44. Ne2 {[%clk 0:03:19]} Qxb3 {[%clk 0:13:10]} 45. Rf1
{[%clk 0:03:08]} Bd6 {[%clk 0:10:49]} 46. Nf4 {[%clk 0:02:14]} Qe3+
{[%clk 0:10:59]} 47. Qf2 {[%clk 0:02:31]} Bxf4 {[%clk 0:11:20]} 0-1

[Event "Göteborg Open 2015"]
[Site "Biblioteksgatan 2, Mölnlycke, Sweden"]
[Date "2015.08.15"]
[Round "6.7"]
[White "Harstad, Christian"]
[Black "Byklum, Björnar"]
[Result "0-1"]
[BlackElo "2283"]
[WhiteElo "1948"]
[LiveChessVersion "1.4.6"]

1. d4 {[%clk 1:30:58]} Nf6 {[%clk 1:30:44]} 2. c4 {[%clk 1:30:18]} c5
{[%clk 1:30:54]} 3. d5 {[%clk 1:30:35]} b5 {[%clk 1:31:21]} 4. cxb5
{[%clk 1:30:44]} a6 {[%clk 1:31:34]} 5. b6 {[%clk 1:31:10]} d6 {[%clk 1:31:32]}
6. Nc3 {[%clk 1:31:22]} g6 {[%clk 1:31:51]} 7. e4 {[%clk 1:30:35]} Bg7
{[%clk 1:32:08]} 8. Nf3 {[%clk 1:28:51]} O-O {[%clk 1:32:11]} 9. a4
{[%clk 1:27:05]} a5 {[%clk 1:32:09]} 10. Bb5 {[%clk 1:26:00]} Nfd7
{[%clk 1:32:09]} 11. O-O {[%clk 1:23:03]} Nxb6 {[%clk 1:28:30]} 12. h3
{[%clk 1:20:26]} Na6 {[%clk 1:26:49]} 13. Bg5 {[%clk 1:13:03]} h6
{[%clk 1:20:13]} 14. Be3 {[%clk 1:12:12]} Nb4 {[%clk 1:19:53]} 15. Rc1
{[%clk 0:57:35]} Bd7 {[%clk 1:15:54]} 16. Bxd7 {[%clk 0:55:03]} Qxd7
{[%clk 1:15:06]} 17. b3 {[%clk 0:53:59]} Kh7 {[%clk 1:06:39]} 18. Nb5
{[%clk 0:52:42]} f5 {[%clk 1:04:44]} 19. e5 {[%clk 0:45:15]} N6xd5
{[%clk 0:54:41]} 20. exd6 {[%clk 0:45:21]} exd6 {[%clk 0:50:38]} 21. Nxd6
{[%clk 0:43:04]} Qxd6 {[%clk 0:49:12]} 22. Bxc5 {[%clk 0:43:24]} Qf6
{[%clk 0:46:32]} 23. Bxf8 {[%clk 0:43:19]} Rxf8 {[%clk 0:41:38]} 24. Rc5
{[%clk 0:42:52]} Rd8 {[%clk 0:41:29]} 25. Qe2 {[%clk 0:38:20]} Nc6
{[%clk 0:33:36]} 26. Qb5 {[%clk 0:34:34]} Ndb4 {[%clk 0:33:22]} 27. Rfc1
{[%clk 0:33:20]} Rd6 {[%clk 0:31:23]} 28. h4 {[%clk 0:28:58]} Nd4
{[%clk 0:25:34]} 29. Nxd4 {[%clk 0:28:09]} Qxd4 {[%clk 0:26:02]} 30. Qe8
{[%clk 0:23:21]} Nd3 {[%clk 0:21:19]} 31. R1c4 {[%clk 0:14:23]} Qxf2+
{[%clk 0:20:39]} 0-1

[Event "Göteborg Open 2015"]
[Site "Biblioteksgatan 2, Mölnlycke, Sweden"]
[Date "2015.08.15"]
[Round "6.8"]
[White "Wickström, Tommy"]
[Black "Blomqvist, Erik"]
[Result "1/2-1/2"]
[BlackElo "2508"]
[WhiteElo "1895"]
[LiveChessVersion "1.4.6"]

1. d4 {[%clk 1:29:57]} d5 {[%clk 1:29:17]} 2. c4 {[%clk 1:30:15]} c6
{[%clk 1:29:41]} 3. Nc3 {[%clk 1:29:42]} Nf6 {[%clk 1:30:03]} 4. cxd5
{[%clk 1:29:55]} cxd5 {[%clk 1:30:26]} 5. Bf4 {[%clk 1:30:18]} Qb6
{[%clk 1:30:14]} 6. Qd2 {[%clk 1:29:32]} Nc6 {[%clk 1:29:46]} 7. e3
{[%clk 1:29:49]} Bf5 {[%clk 1:29:52]} 8. Nf3 {[%clk 1:28:44]} e6 {[%clk 1:30:05]}
9. Bb5 {[%clk 1:28:25]} Ne4 {[%clk 1:28:57]} 10. Bxc6+ {[%clk 1:21:36]} bxc6
{[%clk 1:27:27]} 11. Qc1 {[%clk 1:20:04]} Nxc3 {[%clk 1:26:42]} 12. bxc3
{[%clk 1:19:42]} Qa6 {[%clk 1:27:03]} 13. a4 {[%clk 1:18:56]} Be7
{[%clk 1:26:11]} 14. Nd2 {[%clk 1:17:33]} Rc8 {[%clk 1:25:50]} 15. c4
{[%clk 1:13:10]} c5 {[%clk 1:25:52]} 16. dxc5 {[%clk 1:11:14]} Rxc5
{[%clk 1:25:53]} 17. O-O {[%clk 1:07:50]} Bd3 {[%clk 1:23:50]} 18. Qc3
{[%clk 1:06:33]} Bxf1 {[%clk 1:24:00]} 19. Qxg7 {[%clk 1:06:53]} Rf8
{[%clk 1:24:25]} 20. Nxf1 {[%clk 1:06:18]} Rxc4 {[%clk 1:20:08]} 21. Qxh7
{[%clk 1:05:43]} Kd7 {[%clk 1:19:54]} 22. h4 {[%clk 1:03:43]} Rxa4
{[%clk 1:16:33]} 23. Rxa4 {[%clk 1:02:36]} Qxa4 {[%clk 1:17:01]} 24. Qg7
{[%clk 1:02:55]} Rc8 {[%clk 1:04:21]} 25. Ng3 {[%clk 0:54:48]} f6
{[%clk 0:57:47]} 26. f3 {[%clk 0:51:56]} Qd1+ {[%clk 0:55:55]} 27. Kh2
{[%clk 0:52:09]} Rc2 {[%clk 0:52:57]} 28. Kh3 {[%clk 0:36:26]} a5
{[%clk 0:52:40]} 29. h5 {[%clk 0:33:17]} Qg1 {[%clk 0:51:17]} 30. Ne2
{[%clk 0:31:06]} Rxe2 {[%clk 0:51:36]} 31. h6 {[%clk 0:31:32]} Qh1+
{[%clk 0:50:11]} 32. Bh2 {[%clk 0:31:57]} Qb1 {[%clk 0:47:27]} 33. e4
{[%clk 0:31:20]} dxe4 {[%clk 0:40:44]} 34. h7 {[%clk 0:31:19]} exf3
{[%clk 0:41:07]} 35. h8=Q {[%clk 0:30:47]} Rxg2 {[%clk 0:37:47]} 36. Qhh7
{[%clk 0:28:53]} Qxh7+ {[%clk 0:33:28]} 37. Qxh7 {[%clk 0:29:16]} f5
{[%clk 0:33:55]} 38. Qh8 {[%clk 0:25:59]} Rg4 {[%clk 0:33:23]} 39. Bg3
{[%clk 0:25:29]} a4 {[%clk 0:27:25]} 40. Qa8 {[%clk 0:25:01]} Re4
{[%clk 0:27:30]} 41. Bf2 {[%clk 0:22:08]} a3 {[%clk 0:25:32]} 42. Kg3
{[%clk 0:20:58]} Bh4+ {[%clk 0:17:30]} 43. Kxf3 {[%clk 0:21:07]} Bxf2
{[%clk 0:17:55]} 44. Kxf2 {[%clk 0:21:31]} a2 {[%clk 0:18:20]} 45. Qxa2
{[%clk 0:21:49]} Ke7 {[%clk 0:18:41]} 1/2-1/2

[Event "Göteborg Open 2015"]
[Site "Biblioteksgatan 2, Mölnlycke, Sweden"]
[Date "2015.08.15"]
[Round "6.9"]
[White "Braun, Christian"]
[Black "Vagle, Raymond"]
[Result "1-0"]
[BlackElo "2020"]
[WhiteElo "2420"]
[LiveChessVersion "1.4.6"]

1. e4 {[%clk 1:30:39]} c5 {[%clk 1:30:29]} 2. b3 {[%clk 1:31:03]} Nc6
{[%clk 1:30:31]} 3. Bb2 {[%clk 1:31:28]} Nf6 {[%clk 1:29:54]} 4. Nc3
{[%clk 1:31:52]} e6 {[%clk 1:28:29]} 5. f4 {[%clk 1:31:57]} d5 {[%clk 1:26:59]}
6. e5 {[%clk 1:32:19]} Nd7 {[%clk 1:24:09]} 7. Nf3 {[%clk 1:31:48]} Be7
{[%clk 1:19:59]} 8. h4 {[%clk 1:30:58]} h5 {[%clk 1:09:45]} 9. Be2
{[%clk 1:29:42]} g6 {[%clk 1:00:44]} 10. Nb5 {[%clk 1:28:38]} d4 {[%clk 0:57:13]}
11. c3 {[%clk 1:27:20]} a6 {[%clk 0:50:33]} 12. Na3 {[%clk 1:26:11]} b5
{[%clk 0:47:44]} 13. c4 {[%clk 1:26:33]} Nb6 {[%clk 0:42:24]} 14. d3
{[%clk 1:26:14]} bxc4 {[%clk 0:35:50]} 15. dxc4 {[%clk 1:25:50]} Bb7
{[%clk 0:35:49]} 16. Nc2 {[%clk 1:25:51]} a5 {[%clk 0:33:34]} 17. a4
{[%clk 1:26:12]} Rb8 {[%clk 0:33:43]} 18. Qd3 {[%clk 1:26:09]} Nd7
{[%clk 0:31:21]} 19. Bc1 {[%clk 1:22:23]} Qc7 {[%clk 0:29:42]} 20. Bd2
{[%clk 1:22:27]} Ba8 {[%clk 0:29:45]} 21. Na3 {[%clk 1:22:27]} Ncxe5
{[%clk 0:19:50]} 22. fxe5 {[%clk 1:20:00]} Bxf3 {[%clk 0:20:13]} 23. Qxf3
{[%clk 1:19:01]} Nxe5 {[%clk 0:20:35]} 24. Qg3 {[%clk 1:18:29]} Bd6
{[%clk 0:12:07]} 25. Nb5 {[%clk 1:18:19]} Rxb5 {[%clk 0:12:33]} 26. axb5
{[%clk 1:18:43]} Nxc4 {[%clk 0:12:59]} 27. Qf3 {[%clk 1:18:12]} Nxd2
{[%clk 0:09:06]} 28. Kxd2 {[%clk 1:18:34]} O-O {[%clk 0:07:59]} 29. Bc4
{[%clk 1:18:43]} Bf4+ {[%clk 0:07:52]} 30. Kd3 {[%clk 1:18:37]} Kg7
{[%clk 0:07:23]} 31. Qc6 {[%clk 1:18:02]} Qe5 {[%clk 0:06:36]} 32. Qe4
{[%clk 1:18:25]} Qc7 {[%clk 0:06:42]} 33. b6 {[%clk 1:18:38]} 1-0

[Event "Göteborg Open 2015"]
[Site "Biblioteksgatan 2, Mölnlycke, Sweden"]
[Date "2015.08.15"]
[Round "6.10"]
[White "Johansen, Paul"]
[Black "Knutsson, Håkan"]
[Result "1-0"]
[BlackElo "1916"]
[WhiteElo "2161"]
[LiveChessVersion "1.4.6"]

1. c4 Nf6 2. g3 e6 3. Bg2 d5 4. cxd5 exd5 5. Nf3 Be7 6. O-O O-O 7. d3 c5 8. Qc2
Nc6 9. a3 h6 10. b3 Be6 11. Bb2 Rc8 12. Nbd2 Qd7 13. Rac1 Rfd8 14. Qb1 b6 15.
Rfd1 Qe8 16. Ne5 Nxe5 17. Bxe5 Nd7 18. Bb2 Bf6 19. e4 d4 20. f4 Nf8 21. Rf1 Bd7
22. Rce1 Bc6 23. Qd1 Qd7 24. Qh5 Qb7 25. Nc4 Kh7 26. h4 g6 27. Qe2 Re8 28. Nd6
Qd7 29. Nxc8 Qxc8 30. Kh2 Bd8 31. Bc1 Bd7 32. Qd2 f5 33. exf5 gxf5 34. Rxe8 Bxe8
35. Re1 Bg6 36. Qe2 Bf6 37. Bd5 Qd8 38. Bc4 h5 39. b4 Kh6 40. Kh3 Qd6 41. b5 Qc7
42. Qf3 Kg7 43. Qd5 Qc8 44. Bd2 Qb8 45. a4 Qd8 46. Qc6 Bf7 47. Bxf7 Kxf7 48. a5
Nd7 49. Qb7 bxa5 50. Qxa7 a4 51. Qxa4 Nb6 52. Qa7+ Kg6 53. Ba5 1-0

[Event "Göteborg Open 2015"]
[Site "Biblioteksgatan 2, Mölnlycke, Sweden"]
[Date "2015.08.16"]
[Round "7.1"]
[White "Westerberg, Jonathan"]
[Black "Rozentalis, Eduardas"]
[Result "0-1"]
[BlackElo "2528"]
[WhiteElo "2464"]
[LiveChessVersion "1.4.6"]

1. d4 {[%clk 1:30:48]} Nf6 {[%clk 1:30:49]} 2. c4 {[%clk 1:31:11]} e6
{[%clk 1:31:16]} 3. g3 {[%clk 1:31:34]} Bb4+ {[%clk 1:31:03]} 4. Nd2
{[%clk 1:32:00]} O-O {[%clk 1:30:35]} 5. Bg2 {[%clk 1:31:06]} d6 {[%clk 1:28:15]}
6. Ngf3 {[%clk 1:23:28]} Qe7 {[%clk 1:25:36]} 7. O-O {[%clk 1:21:01]} Bxd2
{[%clk 1:25:47]} 8. Qxd2 {[%clk 1:18:23]} e5 {[%clk 1:25:13]} 9. b3
{[%clk 1:12:11]} Re8 {[%clk 1:21:26]} 10. dxe5 {[%clk 1:00:40]} dxe5
{[%clk 1:21:38]} 11. Bb2 {[%clk 1:01:04]} Nc6 {[%clk 1:20:53]} 12. Rad1
{[%clk 0:55:58]} h6 {[%clk 1:18:16]} 13. Qc2 {[%clk 0:53:08]} Bd7
{[%clk 1:10:09]} 14. a3 {[%clk 0:44:17]} Rad8 {[%clk 1:06:13]} 15. Rfe1
{[%clk 0:38:07]} a5 {[%clk 1:02:05]} 16. Nd2 {[%clk 0:36:19]} Nd4
{[%clk 0:56:54]} 17. Bxd4 {[%clk 0:36:07]} exd4 {[%clk 0:56:40]} 18. Nf3
{[%clk 0:32:28]} Qxa3 {[%clk 0:49:46]} 19. Nxd4 {[%clk 0:32:31]} Qc5
{[%clk 0:49:51]} 20. Qc3 {[%clk 0:27:32]} c6 {[%clk 0:47:16]} 21. Rd2
{[%clk 0:22:21]} Bh3 {[%clk 0:40:31]} 22. Rdd1 {[%clk 0:20:44]} Bxg2
{[%clk 0:30:42]} 23. Kxg2 {[%clk 0:21:12]} h5 {[%clk 0:31:01]} 24. e3
{[%clk 0:18:47]} h4 {[%clk 0:30:59]} 25. Nf3 {[%clk 0:18:09]} Rxd1
{[%clk 0:26:24]} 26. Rxd1 {[%clk 0:18:38]} Qh5 {[%clk 0:26:47]} 27. h3
{[%clk 0:18:19]} hxg3 {[%clk 0:26:32]} 28. fxg3 {[%clk 0:18:47]} Ne4
{[%clk 0:22:13]} 29. Qe1 {[%clk 0:18:37]} Ng5 {[%clk 0:21:10]} 30. Nxg5
{[%clk 0:17:12]} Qxg5 {[%clk 0:21:34]} 31. Rd3 {[%clk 0:16:27]} Qf5
{[%clk 0:19:36]} 32. Qd2 {[%clk 0:16:44]} Qe4+ {[%clk 0:17:42]} 33. Kh2
{[%clk 0:17:13]} b5 {[%clk 0:18:01]} 34. cxb5 {[%clk 0:16:48]} cxb5
{[%clk 0:18:24]} 35. Rd8 {[%clk 0:17:07]} a4 {[%clk 0:15:36]} 36. bxa4
{[%clk 0:14:24]} bxa4 {[%clk 0:15:47]} 37. Rxe8+ {[%clk 0:08:31]} Qxe8
{[%clk 0:16:12]} 38. Qa5 {[%clk 0:08:51]} Qe4 {[%clk 0:14:53]} 39. h4
{[%clk 0:06:24]} g6 {[%clk 0:15:11]} 40. h5 {[%clk 0:06:22]} gxh5
{[%clk 0:10:57]} 41. Qg5+ {[%clk 0:05:47]} Qg6 {[%clk 0:11:14]} 42. Qd8+
{[%clk 0:05:57]} Kh7 {[%clk 0:11:39]} 43. Qa5 {[%clk 0:05:46]} Qc2+
{[%clk 0:10:55]} 44. Kh3 {[%clk 0:04:50]} Kg6 {[%clk 0:11:00]} 45. g4
{[%clk 0:03:25]} hxg4+ {[%clk 0:10:56]} 46. Kxg4 {[%clk 0:03:53]} Qe4+
{[%clk 0:10:57]} 0-1

[Event "Göteborg Open 2015"]
[Site "Biblioteksgatan 2, Mölnlycke, Sweden"]
[Date "2015.08.16"]
[Round "7.2"]
[White "Wiedenkeller, Michael"]
[Black "Åkesson, Joel"]
[Result "0-1"]
[BlackElo "2264"]
[WhiteElo "2453"]
[LiveChessVersion "1.4.6"]

1. d4 {[%clk 1:30:27]} e6 {[%clk 1:30:56]} 2. c4 {[%clk 1:30:27]} Nf6
{[%clk 1:31:01]} 3. Nc3 {[%clk 1:30:21]} Bb4 {[%clk 1:31:26]} 4. e3
{[%clk 1:30:39]} b6 {[%clk 1:27:49]} 5. Nge2 {[%clk 1:30:07]} Bb7
{[%clk 1:26:07]} 6. a3 {[%clk 1:29:43]} Be7 {[%clk 1:26:29]} 7. d5
{[%clk 1:28:23]} O-O {[%clk 1:14:16]} 8. Ng3 {[%clk 1:23:48]} Re8
{[%clk 1:06:51]} 9. Be2 {[%clk 1:20:21]} Bf8 {[%clk 0:56:17]} 10. O-O
{[%clk 1:08:00]} d6 {[%clk 0:55:25]} 11. e4 {[%clk 1:06:22]} c6 {[%clk 0:52:57]}
12. Be3 {[%clk 0:58:38]} Nbd7 {[%clk 0:50:15]} 13. dxe6 {[%clk 0:48:44]} fxe6
{[%clk 0:40:32]} 14. f4 {[%clk 0:47:31]} Qc7 {[%clk 0:38:08]} 15. Qd2
{[%clk 0:41:57]} Rad8 {[%clk 0:32:57]} 16. Rad1 {[%clk 0:40:15]} Qb8
{[%clk 0:32:10]} 17. Kh1 {[%clk 0:38:13]} Qa8 {[%clk 0:26:45]} 18. Qc2
{[%clk 0:38:34]} Kh8 {[%clk 0:21:07]} 19. Bf3 {[%clk 0:38:07]} e5
{[%clk 0:19:37]} 20. f5 {[%clk 0:37:28]} Rc8 {[%clk 0:11:45]} 21. Qb3
{[%clk 0:32:54]} Nc5 {[%clk 0:10:15]} 22. Qa2 {[%clk 0:32:46]} b5
{[%clk 0:04:08]} 23. b4 {[%clk 0:27:15]} Ncd7 {[%clk 0:01:05]} 24. cxb5
{[%clk 0:25:54]} cxb5 {[%clk 0:01:29]} 25. Nxb5 {[%clk 0:25:31]} Nxe4
{[%clk 0:01:26]} 26. Nxe4 {[%clk 0:25:00]} Bxe4 {[%clk 0:01:42]} 27. Nxd6
{[%clk 0:25:12]} Bxd6 {[%clk 0:01:52]} 28. Rxd6 {[%clk 0:25:31]} Nf6
{[%clk 0:01:32]} 29. h3 {[%clk 0:20:53]} Bxf3 {[%clk 0:00:54]} 30. Rxf3
{[%clk 0:21:15]} Rc3 {[%clk 0:01:09]} 31. Qf7 {[%clk 0:18:33]} Rf8
{[%clk 0:00:37]} 32. Qxa7 {[%clk 0:18:57]} Rxa3 {[%clk 0:01:03]} 33. Qxa8
{[%clk 0:18:38]} Rfxa8 {[%clk 0:01:31]} 34. Bg1 {[%clk 0:15:04]} Ra1
{[%clk 0:01:09]} 35. Rfd3 {[%clk 0:14:45]} h5 {[%clk 0:01:22]} 36. Rd8+
{[%clk 0:08:24]} Rxd8 {[%clk 0:01:32]} 37. Rxd8+ {[%clk 0:08:53]} Kh7
{[%clk 0:01:56]} 38. b5 {[%clk 0:07:16]} Ne4 {[%clk 0:02:19]} 39. g4
{[%clk 0:06:50]} Ra2 {[%clk 0:01:48]} 40. Be3 {[%clk 0:05:56]} Ra3
{[%clk 0:02:04]} 41. g5 {[%clk 0:05:16]} Rxe3 {[%clk 0:02:16]} 42. b6
{[%clk 0:05:20]} Rxh3+ {[%clk 0:02:24]} 43. Kg2 {[%clk 0:05:46]} Rb3
{[%clk 0:02:43]} 44. g6+ {[%clk 0:04:46]} Kh6 {[%clk 0:03:08]} 45. Re8
{[%clk 0:05:15]} Rxb6 {[%clk 0:03:01]} 46. Rxe5 {[%clk 0:05:43]} Nf6
{[%clk 0:03:06]} 47. Kg3 {[%clk 0:05:53]} Rd6 {[%clk 0:02:55]} 48. Re7
{[%clk 0:05:49]} Rd7 {[%clk 0:03:14]} 49. Re1 {[%clk 0:04:54]} Kg5
{[%clk 0:03:37]} 0-1

[Event "Göteborg Open 2015"]
[Site "Biblioteksgatan 2, Mölnlycke, Sweden"]
[Date "2015.08.16"]
[Round "7.3"]
[White "Zelbel, Patrick"]
[Black "Al-Hadarani, Hatim"]
[Result "0-1"]
[BlackElo "2254"]
[WhiteElo "2450"]
[LiveChessVersion "1.4.6"]

1. e4 {[%clk 1:30:58]} c5 {[%clk 1:25:55]} 2. c3 {[%clk 1:31:17]} d5
{[%clk 1:21:58]} 3. exd5 {[%clk 1:31:36]} Qxd5 {[%clk 1:22:26]} 4. Nf3
{[%clk 1:32:00]} Nf6 {[%clk 1:21:10]} 5. Na3 {[%clk 1:32:24]} Nc6
{[%clk 1:10:46]} 6. Bc4 {[%clk 1:27:05]} Qd8 {[%clk 1:08:31]} 7. O-O
{[%clk 1:27:21]} a6 {[%clk 1:05:41]} 8. Be2 {[%clk 1:22:55]} b5 {[%clk 0:55:15]}
9. Nc2 {[%clk 1:18:52]} e6 {[%clk 0:53:09]} 10. d4 Bb7 {[%clk 0:49:54]} 11. Bg5
{[%clk 1:05:12]} Qc7 {[%clk 0:45:46]} 12. Qc1 {[%clk 0:59:31]} c4
{[%clk 0:43:33]} 13. Bf4 {[%clk 0:37:53]} Bd6 {[%clk 0:43:41]} 14. Bxd6
{[%clk 0:38:18]} Qxd6 {[%clk 0:44:05]} 15. a4 {[%clk 0:36:26]} O-O
{[%clk 0:38:35]} 16. Na3 {[%clk 0:29:24]} Na5 {[%clk 0:30:51]} 17. Qg5
{[%clk 0:29:30]} Nb3 {[%clk 0:29:48]} 18. Rad1 {[%clk 0:29:29]} Ne4
{[%clk 0:25:57]} 19. Qe5 {[%clk 0:25:16]} Qd7 {[%clk 0:19:28]} 20. Rfe1
{[%clk 0:22:03]} Bd5 {[%clk 0:16:38]} 21. Bf1 {[%clk 0:16:06]} Qb7
{[%clk 0:14:27]} 22. Re3 {[%clk 0:13:23]} Nf6 {[%clk 0:14:07]} 23. Qg5
{[%clk 0:12:31]} h6 {[%clk 0:13:18]} 24. Qh4 {[%clk 0:12:41]} Rac8
{[%clk 0:12:54]} 25. Ne5 {[%clk 0:12:11]} Kh8 {[%clk 0:12:43]} 26. Qf4
{[%clk 0:11:39]} Be4 {[%clk 0:09:21]} 27. Rh3 {[%clk 0:10:27]} Bh7
{[%clk 0:09:21]} 28. Re1 {[%clk 0:09:00]} Nd5 {[%clk 0:08:55]} 29. Qg3
{[%clk 0:08:31]} Nd2 {[%clk 0:08:57]} 30. Rh4 {[%clk 0:07:39]} Nxf1
{[%clk 0:07:30]} 31. Kxf1 {[%clk 0:08:08]} Ne7 {[%clk 0:07:04]} 32. Qf3
{[%clk 0:03:23]} Qxf3 {[%clk 0:06:56]} 33. gxf3 {[%clk 0:03:52]} Nf5
{[%clk 0:06:26]} 34. Rg4 {[%clk 0:04:01]} Nd6 {[%clk 0:06:11]} 35. Nd7
{[%clk 0:03:57]} Rfd8 {[%clk 0:06:06]} 36. Nc5 {[%clk 0:04:25]} Rc6
{[%clk 0:05:39]} 37. a5 {[%clk 0:03:40]} Bf5 {[%clk 0:05:36]} 38. Rg1
{[%clk 0:03:36]} Rb8 {[%clk 0:05:10]} 39. Nd7 {[%clk 0:03:53]} Rb7
{[%clk 0:05:11]} 40. Nc5 {[%clk 0:04:14]} Ra7 {[%clk 0:05:04]} 41. f4
{[%clk 0:03:06]} Nb7 {[%clk 0:05:11]} 42. Nxb7 {[%clk 0:00:45]} Rxb7
{[%clk 0:05:40]} 43. Rg3 {[%clk 0:00:54]} b4 {[%clk 0:05:51]} 44. cxb4
{[%clk 0:00:37]} Rxb4 {[%clk 0:06:13]} 45. Rc3 {[%clk 0:00:41]} Bd3+
{[%clk 0:05:30]} 46. Kg2 {[%clk 0:01:03]} Rxb2 {[%clk 0:05:19]} 47. Rec1
{[%clk 0:01:32]} Rb4 {[%clk 0:03:37]} 48. Kf3 {[%clk 0:02:01]} Ra4
{[%clk 0:02:47]} 49. f5 {[%clk 0:00:36]} exf5 {[%clk 0:02:37]} 50. Ke3
{[%clk 0:00:37]} Rxa5 {[%clk 0:02:40]} 51. Nxc4 {[%clk 0:01:06]} Bxc4
{[%clk 0:02:37]} 52. Rxc4 {[%clk 0:01:35]} Re6+ {[%clk 0:02:46]} 53. Kf3
{[%clk 0:01:37]} g5 {[%clk 0:03:07]} 54. Rc5 {[%clk 0:01:31]} Ra3+
{[%clk 0:03:11]} 55. Kg2 {[%clk 0:01:34]} f4 {[%clk 0:03:02]} 56. h4
{[%clk 0:00:44]} gxh4 {[%clk 0:02:44]} 57. Rf5 {[%clk 0:00:51]} Rg6+
{[%clk 0:02:30]} 58. Kh2 {[%clk 0:01:20]} Kg7 {[%clk 0:01:53]} 59. Rxf4
{[%clk 0:01:49]} h3 {[%clk 0:01:21]} 60. d5 {[%clk 0:01:45]} Rg2+ 61. Kh1 Rd3
{[%clk 0:01:27]} 62. Rf5 {[%clk 0:01:41]} Kg6 {[%clk 0:01:31]} 63. Re5
{[%clk 0:02:07]} Rxf2 {[%clk 0:01:33]} 64. Rg1+ {[%clk 0:02:36]} Kf6
{[%clk 0:01:48]} 65. Rh5 {[%clk 0:03:05]} Ke7 {[%clk 0:00:37]} 66. Rxh6
{[%clk 0:03:30]} Rxd5 {[%clk 0:00:54]} 67. Rxh3 {[%clk 0:03:14]} Rff5
{[%clk 0:01:04]} 68. Ra1 {[%clk 0:03:06]} Rh5 {[%clk 0:01:11]} 69. Rxh5
{[%clk 0:03:32]} Rxh5+ {[%clk 0:01:36]} 70. Kg2 a5 {[%clk 0:01:57]} 71. Kf3
{[%clk 0:04:20]} Re5 {[%clk 0:01:32]} 72. Kf4 {[%clk 0:04:42]} f6
{[%clk 0:01:55]} 73. Rb1 {[%clk 0:04:54]} Kf7 {[%clk 0:01:46]} 74. Ra1
{[%clk 0:04:44]} Rb5 {[%clk 0:02:02]} 75. Ra2 {[%clk 0:04:49]} Ke6
{[%clk 0:02:15]} 76. Re2+ {[%clk 0:04:52]} Kd6 {[%clk 0:02:16]} 77. Re8
{[%clk 0:05:11]} f5 {[%clk 0:01:53]} 78. Ra8 {[%clk 0:05:08]} Kc6
{[%clk 0:02:11]} 79. Rf8 {[%clk 0:04:51]} Rc5 {[%clk 0:02:17]} 80. Rb8
{[%clk 0:05:11]} Kc7 {[%clk 0:02:00]} 81. Rb2 {[%clk 0:04:13]} a4
{[%clk 0:02:11]} 82. Ra2 {[%clk 0:04:35]} Ra5 {[%clk 0:02:28]} 83. Rc2+
{[%clk 0:05:02]} Kb6 {[%clk 0:02:38]} 84. Rb2+ {[%clk 0:05:29]} Ka6
{[%clk 0:02:35]} 85. Ra2 {[%clk 0:05:52]} a3 {[%clk 0:02:58]} 86. Kg5
{[%clk 0:06:13]} Kb5 {[%clk 0:03:14]} 87. Kxf5 {[%clk 0:06:38]} Kb4+
{[%clk 0:03:16]} 88. Ke4 {[%clk 0:07:05]} Kb3 0-1